| 000 | 01792cam a2200361 i 4500 | ||
|---|---|---|---|
| 999 |
_c6672 _d6672 |
||
| 001 | 19252027 | ||
| 003 | GZU | ||
| 005 | 20210428084433.0 | ||
| 008 | 160829s2017 enk 000 0 eng | ||
| 010 | _a 2016022145 | ||
| 020 | _a9780415739009 (hb) | ||
| 040 |
_aDLC _beng _cDLC _erda _dDLC |
||
| 042 | _apcc | ||
| 050 | 0 | 0 |
_aHD76.2 _b.NAR 2017 |
| 082 | 0 | 0 |
_a338.9 _223 |
| 100 | 1 |
_aNarayanaswamy, Lata, _eauthor. |
|
| 245 | 1 | 0 |
_aGender, power and knowledge for development / _cLata Narayanaswamy. |
| 264 | 1 |
_aLondon ; _aNew York, NY : _bRoutledge, Taylor & Francis Group _c2017. |
|
| 300 |
_a270 pages ; _c24 cm. |
||
| 336 |
_atext _btxt _2rdacontent |
||
| 337 |
_aunmediated _bn _2rdamedia |
||
| 338 |
_avolume _bnc _2rdacarrier |
||
| 490 | 0 | _aRoutledge explorations in development studies | |
| 505 | 0 | _aIntroduction -- Knowledge for development as an exercise in power -- The knowledge brokering business : NGOs and feminisms in development -- Anatomy of a knowledge broker -- "The language is difficult" : interrogating progressive information production processes -- "Very clearly there is no strategy" : interrogating progressive information dissemination practices -- "If you want to start a new project, then you pray that funders are on the same wavelength!" : interrogating southern-based knowledge intermediaries and systems -- Conclusion. | |
| 650 | 0 |
_aEconomic development _xInformation services. |
|
| 650 | 0 | _aCommunication in economic development. | |
| 650 | 0 | _aWomen in development. | |
| 650 | 0 | _aNon-governmental organizations. | |
| 650 | 0 | _aKnowledge management. | |
| 906 |
_a7 _bcbc _corignew _d1 _eecip _f20 _gy-gencatlg |
||
| 942 |
_2lcc _cBK _h76.2 _iNAR _kHD |
||